| 000 | 00486nam a22001817a 4500 | ||
|---|---|---|---|
| 005 | 20230111093213.0 | ||
| 008 | 221220b |||||||| |||| 00| 0 eng d | ||
| 020 | _a978-81-8473-725-7 | ||
| 041 | _aeng | ||
| 082 | _a615.1 CAR-M | ||
| 100 |
_aCRAIG , CHARLES R . AND STITZEL, ROBERT E. _97415 |
||
| 245 | _aMODERN PHARMACOLOGY WITH CLINICAL APPLICATION | ||
| 250 | _a6th ed. | ||
| 260 | _bWOLTER KLUWER | ||
| 300 | _a824;P. | ||
| 650 |
_aPHARMACY _xB.PHARMA _97083 |
||
| 942 | _cBK | ||
| 999 |
_c8146 _d8144 |
||